Un tal Gabriel Aguilar / (Record no. 9243)

000 -CABECERA
fixed length control field 00591nam a22001937a 4500
003 - IDENTIFICADOR DEL NÚMERO DE CONTROL
control field AR-CdUCM
008 - DATOS DE LONGITUD FIJA--INFORMACIÓN GENERAL
fixed length control field 190327b ||||| |||| 00| 0 spa d
040 ## - FUENTE DE LA CATALOGACIÓN
Agencia/entidad que catalogó originalmente la obra MUNICIPALIDAD PROVINCIAL DEL CUSCO
Entidad que transcribió la catalogación BIBLIOTECA MUNICIPAL DEL CUSCO
082 ## - NÚMERO DE LA CLASIFICACIÓN DECIMAL DEWEY
No. de Clasificación 985.61 /
Notacion interna P31
100 ## - ENTRADA PRINCIPAL--NOMBRE DE PERSONA
Nombre Personal Pavletich, Esteban
245 ## - MENCIÓN DE TÍTULO
Título Un tal Gabriel Aguilar /
260 ## - PUBLICACIÓN, DISTRIBUCIÓN, ETC.
Lugar de publicación, distribución, etc. Lima :
Nombre de la editorial, distribuidor, etc. Ediciones "DEMOS" ,
Fecha de publicación, distribución, etc. 1967.
300 ## - DESCRIPCIÓN FÍSICA
Nº de Páginas Extensión 105 páginas ;
Dimensiones 21 cm.
650 ## - PUNTO DE ACCESO ADICIONAL DE MATERIA--TÉRMINO DE MATERIA
Descriptor Literatura Peruana
9 (RLIN) 132
650 ## - PUNTO DE ACCESO ADICIONAL DE MATERIA--TÉRMINO DE MATERIA
Descriptor Literatura Latinoamericana
9 (RLIN) 799
650 ## - PUNTO DE ACCESO ADICIONAL DE MATERIA--TÉRMINO DE MATERIA
Descriptor Literatura Referente
9 (RLIN) 25322
942 ## - ELEMENTOS DE PUNTO DE ACCESO ADICIONAL (KOHA)
Fuente de clasificación
Tipo de item Libros-BMC
945 ## - PROCESAMIENTO DE INFORMACIÓN LOCAL (OCLC)
Catalogador rtm
Holdings
Estado de retiro (separado) Fuente de clasificación o esquema de estanterías Estado dañado Ubicación Sala donde se ubica Nombre de la colección Fecha de adquisición o compra Costo, precio normal en soles Signatura topográfica Código de Barras Última vez visto (Koha) Tipo de ítem (Koha)
No     Sala Humanidades Sala Humanidades Book Cart 2019-03-27 20.00 985.61 / P31 SH0000010132 2019-03-27 Libros-BMC

Powered by Koha